Špeciálne číslicové filtre = Special filter design : Diplomová práca /

Gespeichert in:
Bibliographische Detailangaben
1. Verfasser: Nemeček, Peter (Verfasst von)
Weitere Verfasser: Ondráček, Oldřich, 1950- (Betreuung Doktorarbeit)
Format: Manuskript Buch
Veröffentlicht: Bratislava : STU v Bratislave FEI, 1997
Schlagworte:
Tags: Tag hinzufügen
Keine Tags, Fügen Sie das erste Tag hinzu!

MARC

LEADER 00000ntm a22000003a 4500
001 stu9915
005 20160719164954.6
008 970627s1997----------------------------d
040 |a STU  |b slo 
041 0
100 1 |a Nemeček, Peter  |4 aut 
245 1 |a Špeciálne číslicové filtre = Special filter design :  |b Diplomová práca /  |c [aut.] Nemeček,Peter; Škol. Ondráček,Oldřich 
260 |a Bratislava :  |b STU v Bratislave FEI,  |c 1997 
300 |a 54 s :  |b príl 
650 7 |a elektronika  |2 stusub 
700 1 |a Ondráček, Oldřich,  |d 1950-  |4 ths  |u E030  |U FEI Fakulta elektrotechniky a informatiky  |T FEI Ústav elektroniky a fotoniky  |X 2082  |U E030  |Y 549  |7 A000002082